000 00544nam a2200181Ia 4500
999 _c8090
_d8090
003 OSt
005 20200107155106.0
008 190216s9999||||xx |||||||||||||| ||und||
020 _a9789350845882
040 _coclc
082 _a658.072
_bAHM/R
100 1 _aAhmad, Fazal,
_cDr.
_9872
245 0 _aResearch Methodology And Techniques In Commerce /
_cDr. Fazal Ahmed
260 _bCentrum Press
_c2014
_aNew Delhi
300 _a320p
650 _aResearch Methodology
942 _cBK
_2ddc
_h658.072
_iAHM/R
_k658.072
_mAHM/R